[Event "Tata Steel 83rd"]
[Site "Wijk aan Zee"]
[Date "2021.01.29"]
[Round "11"]
[White "Donchenko, Alexander"]
[Black "Duda, Jan Krzysztof"]
[Result "1/2-1/2"]
[WhiteElo "2668"]
[BlackElo "2743"]
[Annotator "Duda,Jan Krzysztof"]
[PlyCount "67"]
[EventDate "2021.01.16"]
[EventType "tourn"]
[EventRounds "13"]
[EventCountry "NED"]
[EventCategory "19"]
[SourceTitle "CBM 200"]
[Source "ChessBase"]
[SourceDate "2021.02.01"]
[SourceVersion "1"]
[SourceVersionDate "2021.02.01"]
[SourceQuality "1"]

{[%evp 0,67,19,9,42,-10,0,7,-10,-26,58,52,55,48,66,64,44,53,53,63,62,65,69,51,66,55,93,52,67,64,45,42,49,49,102,75,85,68,87,89,87,70,50,51,69,72,79,28,57,12,0,32,21,0,0,0,0,0,0,0,0,0,0,0,0,0,0,0,0,0]} 1. d4 Nf6 2. c4 e6 3. Nc3 d5 4. cxd5 Nxd5 {I had prepared the Semi-Tarrasch specifically for this tournament, and had already used it earlier in the tournament against Radek Wojtaszek} 5. e4 Nxc3 6. bxc3 c5 7. Rb1 {One of options in the present move order. Obviously} (7. Nf3 cxd4 8. cxd4 Bb4+ {is the mainstream theory}) ({while the} 7. a3 {is also the common sideline}) 7... cxd4 8. cxd4 Nc6 9. Bb5 a6 10. Bxc6+ bxc6 11. Nf3 c5 12. O-O Be7 (12... cxd4 $2 {is a bad move due to} 13. Bb2 $1 {which means trouble for Black e.g.} Be7 14. Nxd4 O-O 15. Nc6 Qc7 16. Rc1 $16) 13. Qc2 (13. Be3 cxd4 14. Nxd4 Bd7 {is the main line, but the game continuation is considered topical after the Nepomniachtchi-Bacrot game}) 13... cxd4 14. Rd1 O-O 15. Rxd4 (15. Nxd4 Bd7 16. Rb7 (16. Nc6 Rc8 $1) 16... Qe8 17. Nf5 Ba4 $11 {is ok for Black}) 15... Qe8 16. e5 f5 $146 {I think this is a major improvement over the afore-mentioned game. The move looks counter-intuitive at first, because it creates a target on e6. There is the other side of the coin though. Black safeguards his king, stopping d4-g4 manoeuvre alongside with some potential threats on the b1-h7 diagonal. Besides there is a f7 idea, preparing b7} (16... f6 {1/2 (46) Nepomniachtchi,I (2717)-Bacrot,E (2714) Biel 2013}) ({RR} 16... f6 17. Bf4 Qg6 18. Qd1 Ra7 19. Rc1 f5 20. Be3 Bb7 21. Rd2 Raa8 22. Rc7 f4 23. Bd4 Rab8 24. h3 Bd8 25. Rc1 Ba5 26. Rb2 Bd5 27. Rxb8 Rxb8 28. Kh2 Qe8 29. Bc5 Rc8 30. Bd4 Bb4 31. a3 {Nepomniachtchi,I (2717)-Bacrot,E (2714) Biel 2013 ½-½ (46)}) 17. Bg5 (17. exf6 Bxf6 {is equal}) 17... Rf7 {I think the position is deceptively simple. At first sight it looks like White has an edge because of the apparent good knight vs the bad bishop scenario. In fact Black's light-square bishop may become a very strong piece, especially on d5. At the moment it also has the important function of defending two most vulnerable pawns in Black's camp. With precise play I think Black can gradually equalise.} 18. Rb6 {White creates pressure on the e6-pawn, not allowing Black to develop comfortably.} h6 19. Bxe7 Rxe7 20. Rdb4 {[%cal Rc8b7]} (20. Rdd6 Bb7 $1 {is an important tactic, otherwise White would be indeed much better:} 21. Nd4 Rc8 22. Qd2 Rec7 23. h3 Qg6 24. f3 Qg3 $1 25. Ne2 Qxe5 26. Rxe6 Qc5+ 27. Kh1 Re7 $11) 20... Qf7 {Here I couldn't really recall my analyses, and spent over 20 minutes deciding between the move played in the game and 20...a7.} (20... Raa7 {is fine as well} 21. Nd4 Rec7 22. Rc4 Qd7 23. Rd6 Rxc4 24. Qxc4 Rc7 $11) 21. Qb1 {Safeguarding the back-rank, as well as keeping an eye on the b7-square} (21. Qb3 a5 (21... Raa7 $6 22. Nd4 Rac7 23. h3 $14 {it's a bit worse with the queen on b3}) 22. R4b5 Rc7 23. h3 Kh7 $11 {[%cal Gc8d7] Black will complet his development by means of d7 with no issues}) (21. Qb2 {is similar to the game} Raa7 (21... Rc7) 22. Nd4 Rac7 $11) 21... Raa7 (21... Rc7) (21... a5 22. R4b5 Rc7 $11 {were both possible}) 22. Nd4 Rac7 {For humans it's an interesting playing position, while the engine screams out it's zeros, all game long.} 23. h3 Rc5 (23... Bb7 $2 24. Nxe6) 24. Qb3 $5 Rec7 (24... Rxe5 $5 {was actually playable, but I was a bit hesitant to have so many 'loose' pieces. There is nothing concrete for White though, and the evaluation hasn't changed (usual 0.00)} 25. Qc3 (25. Rb8 Rc7 26. Rc4 Rec5 27. Rxc5 Rxc5 28. Nxe6 Rc6 29. Nd4 Rc1+ 30. Kh2 Qxb3 31. axb3 Kf7 $11) (25. Nc6 Re1+ 26. Kh2 Rc7) 25... Rc7 26. Rc6 (26. Rc4 Rxc4 27. Qxc4 Qd7) 26... Rxc6 27. Nxc6 Rd5 28. Ne5 Qf8 29. Rc4 Bd7 30. Rc7 Qd6 (30... Be8) 31. f4 Qb6+ 32. Kh2 Bb5 $13) 25. Rxe6 (25. Nxe6 {was the move I had been mostly calculating. It's difficult to say whether White is playing for a win or for a lose in a such manner, because his king will have to take a walk after} Rc3 26. Qd5 $8 Rd7 27. Qa8 $8 Rd1+ 28. Kh2 Rcc1 29. Rd4 (29. Nf4 g5 30. Ne2 Rh1+ 31. Kg3 $13 {is a total mess with many options to choose from here for black}) 29... Rh1+ 30. Kg3 Kh7 $1 31. Qd5 $8 {and well, it's all equal :)}) 25... Kh7 (25... Bxe6 26. Nxe6 Rc3 27. Qd5 Rc8 $1 {is ok for Black, but I think White is having all the fun here with such a pony on e6} 28. Rb6 R3c5 29. Qd6 Rc1+ 30. Kh2 R1c2 31. f4 $11) 26. Rb8 (26. Rd6 Qxb3 27. axb3 Rxe5 $11) 26... Rc3 (26... Qh5 {might have been more ambitious. The evaluation is the same, the sample variation being:} 27. Qe3 Rc3 28. Qf4 Rxh3 29. gxh3 Bxe6 30. Kh2 Bxa2 31. e6 Re7 32. Qe5 Qg5 $11 {After the game continuation the game peters out quickly}) 27. Qb6 Bxe6 28. Nxe6 R3c6 29. Qxc6 ({obviously not} 29. Nf8+ $4 Qxf8 30. Qxc7 Qc5 31. Qd7 Qc1+ 32. Kh2 Qf4+ $19) (29. Qxc7 Rxc7 30. Nf8+ $11 {is the same}) 29... Rxc6 30. Nf8+ Kh8 31. Ng6+ Kh7 32. Nf8+ Kh8 33. Ng6+ Kh7 34. Nf8+ {A short, but lively game, where thanks to nice preparation, I didn't experience many difficulties} 1/2-1/2

[Event "FIDE-Wch k.o."]
[Site "Groningen"]
[Date "1997.12.13"]
[Round "2.4"]
[White "Milov, Vadim"]
[Black "Andersson, Ulf"]
[Result "1-0"]
[WhiteElo "2635"]
[BlackElo "2640"]
[Annotator "Tsesarsky,Ilya"]
[PlyCount "93"]
[EventDate "1997.12.09"]
[EventType "k.o."]
[EventRounds "7"]
[EventCountry "NED"]
[SourceTitle "CBM 063"]
[Source "ChessBase"]
[SourceDate "1998.03.26"]
[SourceVersion "1"]
[SourceVersionDate "1998.03.26"]
[SourceQuality "1"]

1. d4 e6 2. c4 Nf6 3. Nc3 d5 4. cxd5 exd5 5. Bg5 c6 6. e3 Be7 7. Bd3 Nbd7 8. Nge2 Nh5 9. Bxe7 Qxe7 10. g4 (10. Qd2 g6 11. O-O O-O 12. f3 Nb6 13. Rae1 Be6 14. e4 dxe4 15. fxe4 Rad8 16. h3 $13 {Gutman,L-ndersson,U/Wijk/1987/}) 10... Nhf6 11. Ng3 (11. h3 Nb6 12. b3 Bd7 13. Qd2 g6 14. f3 h5 $6 15. g5 Ng8 16. h4 Qd6 17. e4 $14 {Gutman,L-Blauert/Bad Wörishofen/1990/ / /}) 11... g6 (11... h6 12. h3 Nb6 13. Qd2 Bd7 14. b3 g6 15. a4 a5 16. f3 $14 {Kasparov,G-Spassky,B/Barcelona WCup/1989/ CBM 12}) 12. h4 $5 $146 (12. g5 Ng8 13. h4 h6 14. gxh6 Rxh6 (14... Ndf6 15. h5 Bg4 16. Be2 $5 (16. Qa4 $1 Bxh5 (16... Nxh5 17. Nxh5 Bxh5 18. Nxd5 $14) 17. Nxh5 Nxh5 (17... gxh5 18. h7 Nh6 19. Qc2 $16) 18. Nxd5 $14) 16... Bxe2 (16... Bxh5 17. Nxh5 Nxh5 18. Bxh5 gxh5 19. Rxh5 Rxh6 $14) 17. Qxe2 Nxh5 (17... Rxh6 18. Qf3 (18. hxg6 Rxh1+ 19. Nxh1 fxg6 20. Rc1 $14) 18... O-O-O $132) 18. Nxh5 gxh5 19. Rxh5 Rxh6 20. O-O-O $14 {1-0 Yakovich,Y-Panchenko,A/URS-ch58 Moscow 1991 (54)}) 15. h5 Nf8 16. Qa4 Nf6 17. hxg6 Rxh1+ 18. Nxh1 Nxg6 19. O-O-O Be6 20. Ng3 $14 {½-½ Yakovich,Y-Grosar,A/Sochi-B 1989 (49)}) (12. h3 Nb6 13. Qb3 (13. Qd2 $5) (13. Qe2 Bd7 14. O-O-O O-O-O 15. Kb1 $14 {½-½ Shumiakina,T-Khurtsidze,N/Kishinev ztW 1995 (61)}) (13. Qc2 Be6 14. O-O-O O-O-O 15. Kb1 Kb8 16. Rc1 $14 {1-0 Gausel,E-Lauvsnes,A/Gausdal International 1990 (34)}) 13... Be6 (13... Bd7 14. O-O-O $14 (14. a4 $5 Be6 15. a5 Nc8 16. a6 Rb8 17. axb7 Rxb7 18. Qa4 O-O $14)) 14. g5 (14. a4 O-O 15. a5 Nc4 (15... Nc8 16. Qa3) 16. Bxc4 dxc4 17. Qa3 Qxa3 (17... Rfe8 18. Qxe7 Rxe7 19. O-O-O $14) 18. bxa3 $5 (18. Rxa3 c5 $1 $10) 18... c5 $1 $132) 14... Ne4 15. Bxe4 dxe4 16. Qa3 Qxg5 17. Ncxe4 $14) (12. Qf3 $5 {Polgar,Zsu Kasparov}) (12. Qe2 Nb6 13. g5 Ng8 14. h4 h6 15. gxh6 Nxh6 16. h5 (16. O-O-O Be6 17. Kb1 (17. h5 g5 18. Qc2 (18. Rhg1 O-O-O $132) 18... O-O-O 19. Kb1 Kb8 $132) 17... O-O-O 18. Rc1 Kb8 19. h5 g5 20. Qc2 Bg4 21. Rcf1 Bf3 22. Rhg1 Qf6 $132 {½-½ Moiseenko,A-Dobrovolsky,L/Ceske Budejovice op 1995 (59)}) 16... g5 17. O-O-O $14 {0-1 Galliamova Ivanchuk,A-Vladimirov,E/Oviedo 1993 (41)}) 12... Nb6 ({RR} 12... h5 13. g5 Ng4 14. Qe2 O-O 15. Kd2 f5 16. gxf6 Qxf6 17. Raf1 Re8 18. Kc1 Qd6 19. Qc2 Kg7 20. Nce2 Nf8 21. Kb1 Bd7 22. Nf4 Rac8 23. Rc1 b6 24. Qd2 c5 25. Bc2 c4 26. e4 dxe4 27. Nxe4 {Balaji,A (2351)-Shadrina,E (1910) Leca da Palmeira POR 2025 0-1 (31)}) 13. g5 Ng8 (13... Ng4 14. Qd2 (14. Be2 h5 15. gxh6 Nxh6 16. h5 Nf5 17. Nxf5 (17. hxg6 Rxh1+ 18. Nxh1 fxg6 19. Qc2 Be6 20. O-O-O O-O-O $132) 17... Bxf5 $132) 14... O-O 15. O-O-O $14) 14. Kd2 $5 $14 (14. Qf3 Be6 15. O-O-O O-O-O 16. Rdg1 h6 17. Qf4 $14) 14... h6 (14... Be6 $14) (14... Bd7 $14) 15. f4 $146 ({RR} 15. h5 Qxg5 16. Kc2 Ne7 17. Qg1 Be6 18. f4 Qf6 19. e4 Qxf4 20. hxg6 fxg6 21. Nge2 Qg4 22. Qh2 O-O-O 23. Rag1 Qf3 24. Qe5 Qf7 25. Rf1 Qg8 26. Rf6 Kd7 27. Nf4 Bg4 28. Rd6+ Ke8 29. Rxg6 Qf7 {Ivanisevic,I (2643)-Trifunovic,M (2271) Smederevska Palanka 2016 1-0}) 15... hxg5 (15... Qb4 16. b3 Bd7 17. h5 $1 hxg5 (17... gxh5 18. Qxh5 $16) 18. hxg6 Rxh1 19. gxf7+ Kxf7 20. Qxh1 $16) 16. fxg5 $5 (16. hxg5 $14) 16... Be6 (16... f5 17. Nge2 Be6 18. Nf4 Bf7 19. h5 $1 $16) 17. Qf3 O-O-O (17... Rd8 18. Kc2 $14) 18. Nge2 (18. Raf1 Qb4 19. b3 (19. Kc1 Nc4 20. Bxc4 Qxc4 21. h5 gxh5 22. Nxh5 $132) 19... Ne7 20. Kc2 c5 $132) 18... Qd7 (18... Qb4 19. b3 $14) 19. a4 $5 Ne7 20. a5 Nc4+ (20... Na8 21. Na4 Bf5 (21... Bg4 22. Qf4) 22. Nc5 Qd6 23. Ra3 $5 $36) 21. Bxc4 dxc4 22. a6 $2 (22. e4 Qd6 23. Kc2 $14) 22... b6 $2 (22... b5 $1 23. Nxb5 $5 (23. e4 b4 $1 (23... c5 24. d5 b4 25. Na4 (25. Kc1 Bg4 $19) 25... Nxd5 26. exd5 Bxd5 $19) 24. Na4 Bg4 $19) (23. Nf4 Bg4 (23... b4 24. Nce2 Bg4 25. Qg2 Nd5 $17) 24. Qg3 Bf5 $17) 23... Bd5 (23... cxb5 $2 24. Qa8+ Kc7 25. Qxa7+ Kc8 26. Qa8+ Kc7 27. Qa7+ $11 (27. Qb7+ Kd6 28. Qe4 Qc6 $17)) 24. Nxa7+ Qxa7 25. e4 Be6 $17) 23. e4 Kb8 $6 (23... b5 24. Qf2 (24. Kc2 b4 25. Na4 Bg4 $19) 24... Qd6 $15) 24. Kc2 $132 Nc8 (24... b5 $5) 25. Rad1 (25. h5 gxh5 26. Rxh5 Rxh5 27. Qxh5 Bg4 28. Qh2+ Nd6 29. Qf4 $132) 25... Nd6 26. Qf4 (26. Qg3 $144) 26... Ka8 27. Rd2 $6 (27. d5 cxd5 28. Nxd5 Bg4 29. Rd2 Bxe2 30. Rxe2 $132) 27... Qc8 $5 (27... Ne8 $5 28. d5 (28. Qf2 Nc7 29. Ra1 Qc8 $17) 28... cxd5 29. exd5 $2 (29. Nxd5 Qa4+ (29... Qb5 30. Qe5 Rf8 31. Rhd1 $40) 30. Kb1 Qxa6 31. Rhd1 Rb8 (31... Qb7 32. Nxb6+ $18) (31... Kb7 32. Nd4 Bxd5 33. exd5 Nd6 34. Nc6 Rd7 35. Ne5 $14) (31... Rc8 32. Ne7 Rb8 33. Qe5 Rxh4 34. Rd8 Qb7 35. Nc6 $1 $18) 32. Nd4 $1 $44) 29... Bf5+ 30. Kc1 Nd6 (30... Qc8 31. Nd4 Qxa6 32. Nxf5 gxf5 33. Qxf5 $132) 31. Nd4 Qc8 32. Nxf5 gxf5 $17) 28. Ra1 (28. d5 $5 cxd5 29. Nxd5 Ne8 30. Rhd1 Bxd5 31. Rxd5 Rxd5 (31... Nc7 32. Rxd8 Rxd8 33. Rxd8 Qxd8 34. Qxf7 Qd3+ 35. Kc1 Nxa6 36. Qd5+ Qxd5 37. exd5 $18) 32. exd5 Qxa6 33. Nc3 $14) 28... Rhe8 29. Ng3 b5 30. d5 (30. h5 $2 b4 31. Nce2 gxh5 32. Nxh5 Nxe4 $1 $19) (30. Kb1 b4 31. Nce2 Nb5 32. Ra4 c3 33. bxc3 bxc3 34. Rd3 Bc4 $1 35. Re3 (35. Rf3 Nxd4 36. Nxd4 (36. Rxc4 Nxf3 $19) 36... Rxd4 $19) 35... c5 36. d5 Qb8 37. Qxb8+ Rxb8 38. Kc1 Bxd5 39. Nxc3 Be6 $17) 30... cxd5 31. Rad1 $2 (31. Nxd5 Bxd5 32. Rxd5 Nxe4 33. Rxd8 Qxd8 34. Rd1 Qa5 35. Nxe4 Qa4+ 36. Kc1 Qa1+ 37. Kc2 Qa4+ $11) 31... Qxa6 $17 32. Nxd5 Bxd5 $5 (32... Qa4+ 33. Kb1 (33. Kc1 Bxd5 34. Rxd5 c3 35. bxc3 Qa3+ 36. Kc2 b4 $19) 33... Bxd5 34. Rxd5 c3 $19) 33. Rxd5 Nb7 $2 (33... Qa4+ 34. Kc1 c3 35. bxc3 Qa3+ 36. Kc2 b4 $19) 34. Qxf7 $132 Qa4+ (34... b4 35. Rxd8+ Rxd8 36. Rxd8+ Nxd8 37. Qd5+ Nc6 38. h5 gxh5 39. g6 $18) 35. Kb1 Rc8 (35... Qxd1+ 36. Rxd1 Rxd1+ 37. Ka2 (37. Kc2 Red8) 37... Nd6 38. Qxg6 b4 39. Qh5 $8 b3+ 40. Ka3 Ra1+ 41. Kb4 Rb8+ 42. Kc3 (42. Kc5 c3 $19) 42... Rc1+ 43. Kd2 (43. Kd4 c3) 43... Rc2+ 44. Ke3 c3 $19) 36. Ne2 b4 37. R1d4 Rf8 $6 (37... Qc6 $132) 38. Rxc4 $1 Na5 $2 (38... Nc5 $1 39. Rdxc5 Rxf7 40. Rxc8+ Kb7 41. Nc1 a5 42. b3 Qd7 43. R8c5 $132) 39. Rxc8+ $16 Rxc8 40. Rc5 $1 Rxc5 41. Qf8+ Kb7 42. Qxc5 Nb3 $2 (42... Qd1+ 43. Nc1 Nc6 44. Qd5 Qxd5 45. exd5 Ne5 46. Ne2 $16 (46. h5 gxh5 47. Nd3 Ng6 48. Nxb4 Nf4 $44)) 43. Qd5+ $18 Kb6 44. e5 (44. Nf4 $18) 44... Qa1+ 45. Kc2 Nc5 46. Nd4 Qa4+ 47. Kd2 1-0

[Event "Tata Steel-A 74th"]
[Site "Wijk aan Zee"]
[Date "2012.01.24"]
[Round "9"]
[White "Ivanchuk, Vassily"]
[Black "Giri, Anish"]
[Result "1-0"]
[WhiteElo "2766"]
[BlackElo "2714"]
[Annotator "Marin,Mihail"]
[PlyCount "113"]
[EventDate "2012.01.14"]
[EventType "tourn"]
[EventRounds "13"]
[EventCountry "NED"]
[EventCategory "21"]
[SourceTitle "CBM 147"]
[Source "ChessBase"]
[SourceDate "2012.03.16"]
[SourceVersion "1"]
[SourceVersionDate "2012.03.16"]
[SourceQuality "1"]

1. d4 {Krasenkow,Michal} d5 2. c4 e6 3. Nc3 Be7 4. Bf4 Nf6 5. e3 O-O 6. Rc1 c5 ({RR} 6... Nbd7 7. c5 ({RR} 7. cxd5 exd5 8. Nb5 c6 9. Bc7 Bb4+) ({RR} 7. Nf3) 7... Ne4 ({RR} 7... c6) 8. Bd3 f5 ({RR} 8... Nxc3 9. Rxc3 e5 10. Bxe5 Nxe5 11. dxe5 b6 12. cxb6 Bb4) 9. Nf3 c6 ({RR} 9... g5 10. Bg3 f4 11. Nxe4 dxe4 12. Bxe4 fxg3 13. hxg3 Rf7 14. Qc2 Nf6 15. Bd3 Rg7) 10. Ne5 ({RR} 10. h3 Bf6 11. O-O Qe8 12. Ne2 e5 13. dxe5 Nxe5 14. Nxe5 Bxe5 15. Bxe5 Qxe5 16. b4 Bd7 17. f4 Qe7 18. Bxe4 Qxe4 19. Qd2 Rfe8 20. Rf3 a5) ({RR} 10. h4) 10... Nxe5 11. Bxe5 Bf6 12. Bxf6 Qxf6 13. Ne2 e5 14. Qa4 ({RR} 14. O-O exd4 15. Nxd4 Re8) 14... Qh4 ({RR} 14... Qg6 15. Bxe4 ({RR} 15. O-O f4) 15... fxe4 16. O-O Bg4 17. Rc2 ({RR} 17. Ng3 h5) 17... exd4 18. Qxd4 Bxe2 19. Rxe2 Rf6) 15. g3 ({RR} 15. O-O Nd2 16. Rfd1 Ne4 17. Rf1) 15... Qg4 16. Rf1 ({RR} 16. Qd1 exd4 ({RR} 16... f4 17. gxf4 exf4 18. Nxf4 Rxf4 19. Qxg4 Rxg4 20. f3 Nxc5 21. Rxc5 Rg2 22. Rc2 Bh3 23. Rf2) ({RR} 16... Qf3 17. Rf1 Qg2 18. dxe5 Qxh2 19. Nd4 Re8) 17. exd4 Qf3 ({RR} 17... Re8 18. O-O Ng5 19. f4 Ne4 20. Kg2) 18. O-O Ng5 19. Nf4 Qxd1 20. Rfxd1 Nf3+ 21. Kg2 Nxd4 22. Ba6 bxa6 23. Rxd4) 16... Ng5 17. Kd2 ({RR} 17. Ng1 f4 18. dxe5 fxg3 19. Qxg4 gxf2+ 20. Rxf2 Bxg4 21. Rg2 Nf3+ 22. Nxf3 Bxf3 23. Rf2 Rae8 24. Kd2 Be4 25. Rxf8+ Kxf8 26. Bxe4 dxe4 27. Rf1+ Kg8 28. Rf5 g6 29. Rg5 Kf7) 17... Nf3+ 18. Kc3 Nxh2 19. Rh1 Nf3 20. Qa5 Qg5 21. dxe5 {Vachier Lagrave,M (2768)-Caruana,F (2801) Saint Louis 2014 CBM 162 [Krasenkow,Michal] 0-1 (39)}) ({RR} 6... b6 7. a3 dxc4 8. Bxc4 Bb7 9. Nf3 Nbd7 10. h3 c5 11. O-O cxd4 12. exd4 Rc8 13. Ba2 Ne4 14. Qd3 Nxc3 15. Rxc3 Rxc3 16. bxc3 Bxf3 17. Qxf3 Bxa3 18. Qb7 a5 19. Qc6 Qc8 20. Qb5 Qb7 21. c4 {Sonis,F (2561)-Atwell,R (2337) Saint Louis USA 2026 1-0 (36)}) 7. dxc5 {There is not too much theory in this position and one may find it difficult to find one's way among apparently equivalent continuations. Black is in no immediate danger, but has not a clear way to equalising either.} Qa5 ({The natural} 7... Bxc5 {has been played in a few games between great champions from different eras.} 8. cxd5 exd5 9. Nf3 Nc6 10. Be2 (10. Bd3 {plays into Black's hands, since it reduces the pressure along the d-file.} d4 $11 {Steinitz,W-Lasker,E/St Petersburg 1895/HCL (0-1, 39)}) 10... d4 {This seems to more or less equalise here, too.} (10... Be6 {as played in Kortschnoj,V (2650)-Kasparov,G (2740)/Brussels 1986/CBM 001 (1/2, 24) leaves White some hopes for an advantage.}) 11. exd4 Nxd4 12. Nxd4 Qxd4 13. Qxd4 Bxd4 14. Nb5 Bb6 15. O-O Be6 16. a3 Rfd8 17. Nd6 Rd7 18. Bb5 Re7 19. Rfe1 {1/2 Kasparov,G (2740)-Karpov,A (2700)/Seville 1987/MainBase/[Bulletin]. White's advantage is more of a symbolic nature.}) 8. Nf3 $146 ({RR} 8. Bd6 Bxd6 9. cxd6 dxc4 10. Bxc4 Rd8 11. Nf3 Qb4 12. Qe2 Nc6 13. O-O Qxd6 14. e4 Qe7 15. e5 Nd5 16. Qe4 Nxc3 17. Rxc3 Bd7 18. h4 Be8 19. a3 Rd7 20. Ng5 g6 21. Qf4 Rd4 22. Ne4 Rad8 {Zvjaginsev,V (2671)-Predke,A (2483) St Petersburg 2012 1-0 (38)}) ({RR} 8. Bd6 Bxd6 9. cxd6 Rd8 10. Nf3 Rxd6 11. Be2 Rd8 12. cxd5 Nxd5 13. Qc2 Nc6 14. a3 Bd7 15. O-O Rac8 16. Nxd5 Nd4 17. Ne7+ Kf8 18. Nxc8 Nxc2 19. Nd6 Bc6 20. Nxf7 Rd2 21. b4 Qd5 22. Bd1 Nxa3 {Chernin,A (2570)-Beliavsky,A (2630) Minsk 1987 0-1 (45)}) 8... Rd8 (8... Bxc5 9. Nd2 Be7 10. Nb3 Qd8 11. cxd5 Nxd5 12. Nxd5 exd5 13. Bd3 Nc6 14. O-O Bf6 {Volodin,A (2495)-Ehlvest,J (2594)/Puhajarve 2011/CBM 145 Extra (1/2, 18)}) 9. Qc2 (9. Bd6 {places the bishop under a pin:} dxc4 10. Bxc4 Ne4 11. O-O Nxd6 12. cxd6 Bxd6 13. Qb3 Nc6 14. Rfd1 Be7 {Anand,V (2811)-Kramnik,V (2800)/Moscow 2011/CBM 146 (1/2, 36). Black equalised soon.}) 9... Nc6 (9... dxc4 $6 {speeds up White's development.} 10. Bxc4 Qxc5 11. Bb3 b5 12. O-O Bb7 13. Qe2 $1 $16 {Larsen,B-Kuijpers,F/Beverwijk 1967/MCD (1-0, 32)}) 10. a3 h6 11. Be2 {All the preparatory moves have been played and White cannot delay this anymore.} dxc4 {Now there is no contra-indication for this, especially since there are no obvious alternatives.} 12. Nd2 $1 {The only way to maintain some initiative in a symmetrical position.} Qxc5 13. Nxc4 Qf5 14. Bf3 $6 {Active but careless.} (14. Qxf5 exf5 15. O-O Be6 $11 {offers Black easy play.}) (14. Bg3 $5 {would allow White maintain his slight lead in development.} Qxc2 15. Rxc2 Bd7 16. O-O Be8 {Black has no weaknesses and can hope to equalise gradually.}) 14... Nd4 $1 {[%csl Gf4] White cannot even dream of an advantage now.} 15. Qxf5 Nxf3+ 16. gxf3 exf5 17. Rg1 Kf8 18. Nb5 Ne8 {Despite White's seeming activity, Black's position looks nicer already because of his bishop pair and better structure.} 19. Ke2 g5 20. Be5 f6 21. Bc3 Bd7 22. Nd4 Rac8 23. Bb4 Bxb4 24. axb4 Ke7 25. Rgd1 f4 26. b3 fxe3 27. fxe3 Be6 28. Ra1 a6 29. Ra5 Bxc4+ {With a white knight on d4 controlling the weak f5-square, I would rather refrain from this exchange.} (29... Nd6 $5) 30. bxc4 Nd6 31. c5 Nc4 32. Ra2 Kf7 33. c6 {White has some very slight initiative at last.} Rc7 $2 {A careless move, allowing two different tactical blows with the same idea.} (33... bxc6) 34. Ne6 (34. Nb5 $5) 34... Rxd1 35. Nxc7 Rb1 36. b5 $1 {Black's situation becomes critical now.} Nd6 (36... axb5 $2 37. cxb7 $18) 37. bxa6 bxa6 38. e4 (38. Rxa6 Rc1 39. Nd5 f5 40. c7 Ke6 41. e4 $16) 38... f5 39. e5 (39. Nd5 $5 $16) 39... Nb5 40. Nxb5 Rxb5 41. Kd3 {Ivanchuk did not mind the exchange of knights. In fact, knights can be tricky in the endgame, requiring a very accurate technical execution. In the rook ending, the possibility of placing one's own rook behind the passed pawn ensures an obvious advantage. If there is no win, too bad, but Black has to suffer without any possibility of counterplay.} Ke6 ({If} 41... Rc5 $2 42. Rc2 Rxc2 43. Kxc2 Ke6 44. Kd3 $18 {Black's candidates for promotion are too slow:} h5 45. Kd4 g4 46. fxg4 fxg4 47. Kc5 a5 48. Kb6) 42. Rc2 Rb8 43. Kd4 h5 44. c7 Rc8 45. Rc6+ Kd7 46. Rh6 Rxc7 47. Rxh5 Rb7 $2 {Probably overlooking the 52nd move.} (47... Rc1 48. Rxg5 Rd1+ 49. Ke3 Ke6 50. f4 $16) 48. Rh7+ Kc8 49. Rh8+ Kd7 50. Rh7+ Kc8 51. Rxb7 $1 Kxb7 {This ending is not easy to evaluate and one may think that it is doube edged.} 52. f4 $1 $18 {Not after this move anymore!} (52. e6 $2 Kc7 53. Ke5 Kd8 54. Kxf5 a5 $19) 52... gxf4 (52... g4 53. e6 $1 {With the insertion of the previous moves, White wins, since the f-pawn will be free to advance.} Kc8 54. Ke5 Kd8 55. Kxf5 a5 56. Kf6 Ke8 57. e7 a4 58. Ke6 $18 {[%cal Gf4f7]}) 53. h4 a5 54. e6 Kc7 55. h5 a4 56. e7 Kd7 57. h6 1-0